000 00986nam a22002657a 4500
001 878
005 20230713113836.0
008 230713b cb ||||| |||| 00| 0 eng d
020 _a0590422189
040 _aIAF
_cIAF
_dTCA
_dOCLCQ
_dDLC
_beng
050 0 0 _aCPB Box no. 1528 vol. 36
082 _a973.80924
100 1 _aDavidson, Margaret,
_d1936-
245 1 0 _aFrederick Douglass fights for freedom /
_cMargaret Davidson [i.e. Mickie Davidson]; pictures by Eleanor Mill.
260 _aNew York :
_bScholastic,
_c1968.
300 _a80 pages :
_billustrations ;
_c20 cm.
505 _aJ
520 _aA biography of the man who, after escaping slavery, became an orator, writer, and leader in the anit-slavery movement of the early 19th century.
521 _a440
_bLexile
521 _aJ
_bRaz-Plus
650 _abiography
_vAfrican American
_x slavery
650 _abiographies
_vcivil rights
906 _a7
_bcbc
_ccopycat
_d2
_encip
_f19
_gy-genrareb
942 _2ddc
_cBK
_n0
999 _c878
_d878